| 000 | 00778nam a2200241Ia 4500 | ||
|---|---|---|---|
| 003 | OSt | ||
| 005 | 20220926022419.0 | ||
| 006 | a|||||r|||| 00| 0 | ||
| 007 | ta | ||
| 008 | 220923b |||||||| |||| 00| 0 eng d | ||
| 037 | _cGeneral Book | ||
| 040 |
_aRTL _cRTL _beng |
||
| 041 |
_2eng _aeng |
||
| 082 | _aX:(Z).49M.P, P1 | ||
| 110 | _aUnited Nations, Economic and Social Commission for Western Asia | ||
| 245 | 0 | _aCompetition laws and policies in the Economic and | |
| 260 |
_aNew York _bUnited Nations U. S. A. _c2001 |
||
| 300 |
_a52p. Bibliography p.51-52 _ccm. |
||
| 650 | _aEconomic Law | ||
| 700 |
_aUnited Nations, Economic and Social Commission for Western Asia _9236312 |
||
| 942 |
_hX:(Z).49M.P, P1 _cGB _2CC |
||
| 999 |
_c639411 _d639411 |
||